250 najlepszych piłkarzy w FC 26 - Statystyki

Ogólne statystyki
  • Ten quiz został rozwiązany 105 razy
  • Średni wynik to 76 z 250
Statystyki odpowiedzi
numer overall klub Odpowiedź % Poprawnych
2 91 real madryt mbappe
95%
7 90 man city haaland
91%
1 91 liverpool salah
91%
3 90 PSG dembele
87%
6 90 real madryt bellingham
84%
10 89 barcelona yamal
84%
4 90 man city rodri
82%
21 88 barcelona lewandowski
80%
5 90 liverpool van dijk
80%
16 89 bayern monachium kane
76%
13 89 barcelona pedri
76%
8 89 barcelona raphinha
73%
14 89 bayern monachium kimmich
67%
11 89 PSG vitinha
67%
20 89 real madryt courtois
65%
9 89 PSG hakimi
65%
91 85 real madryt rodrygo
65%
26 88 arsenal saka
65%
19 89 liverpool wirtz
65%
12 89 man city donnaruma
64%
22 88 inter mediolan martinez
64%
70 85 aston villa martinez
64%
89 85 al nassr martinez
64%
41 87 atletico madryt alvarez
62%
60 86 inter miami messi
62%
90 85 al nassr ronaldo
60%
28 87 chelsea palmer
58%
17 89 real madryt valverde
58%
39 87 man united fernandes
56%
58 86 liverpool konate
56%
38 87 barcelona kounde
56%
36 87 PSG marquinhos
56%
25 88 arsenal gabriel
55%
47 87 arsenal gyokeres
55%
50 86 PSG mendes
55%
27 88 atletico madryt oblak
55%
35 87 arsenal rice
55%
64 86 barcelona ter stegen
55%
18 89 real madryt vini jr
55%
15 89 liverpool alison
53%
24 88 bayern monachium musiala
53%
49 87 galatasaray osimhen
53%
51 86 real madryt rudiger
53%
32 87 napoli de bruyne
51%
33 87 barcelona de jong
51%
23 88 liverpool isak
51%
117 84 bayern monachium neuer
51%
71 85 PSG neves
51%
118 84 al hilal neves
51%
40 87 arsenal saliba
51%
53 86 real madryt alexander arnold
49%
80 85 bayern monachium diaz
49%
169 83 barcelona gavi
49%
45 87 arsenal odegard
49%
52 86 bayern monachium olise
49%
46 87 arsenal raya
49%
111 84 barcelona szczęsny
49%
30 87 inter mediolan bastoni
47%
142 83 real madryt camavinga
47%
54 86 man city dias
47%
75 85 PSG doue
47%
84 85 man city foden
47%
72 85 atletico madryt griezmann
47%
106 84 real madryt tchouameni
47%
187 83 barcelona araujo
45%
132 84 PSG barcola
45%
48 87 inter mediolan barella
45%
57 86 PSG pacho
45%
42 87 bayern monachium tah
45%
92 85 barcelona olmo
44%
37 87 inter mediolan sommer
44%
66 85 fenerbache ederson
42%
201 82 atalanta ederson
42%
31 87 BVB guirassy
42%
65 86 BVB kobel
42%
128 84 ace milan leao
42%
76 85 real madryt carvajal
40%
73 85 man united mbeumo
40%
77 85 atletico bilbao simon
40%
143 83 liverpool szoboszlai
40%
93 85 bayern monachium upamecano
40%
62 86 atletico bilbao williams
40%
151 83 atletico bilbao williams
40%
171 83 barcelona balde
38%
59 86 inter mediolan calhanoglu
38%
55 86 as roma dybala
38%
162 83 liverpool frimpong
38%
153 83 barcelona garcia
38%
159 83 bayer leverkusen garcia
38%
56 86 newcastle guimaraes
38%
29 87 PSG kvaratskhelia
38%
43 87 liverpool mac alister
38%
120 84 man city silva
38%
78 85 inter mediolan thuram
38%
180 83 barcelona torres
38%
34 87 chelsea caicedo
36%
119 84 liverpool gakpo
36%
69 85 liverpool gravenberch
36%
44 87 ace milan maignan
36%
163 83 ace milan modric
36%
87 85 sunderland xhaka
36%
68 85 napoli McTominay
35%
63 86 man city reijnders
35%
124 84 aston villa watkins
35%
197 82 bayern monachium goretzka
33%
105 84 man city gvardiol
33%
226 82 liverpool robertson
33%
215 82 real madryt alaba
31%
88 85 al itihat benzema
31%
101 84 bayern monachium davies
31%
98 84 inter miami de paul
31%
103 84 inter mediolan dumfries
31%
184 83 liverpool ekitike
31%
108 84 bayer leverkusen grimaldo
31%
85 85 PSG ruiz
31%
82 85 BVB schlotterbeck
31%
67 85 inter mediolan dimarco
29%
241 82 bayern monachium gnabry
29%
97 84 atletico madryt llorente
29%
135 84 atalanta lookman
29%
83 85 los angeles son
29%
167 83 arsenal zubimendi
29%
202 82 BVB can
27%
157 83 PSG chevalier
27%
107 84 chelsea cucurella
27%
81 85 fiorentina de gea
27%
110 84 chelsea fernandez
27%
74 85 al itihat kante
27%
130 84 napoli lukaku
27%
149 83 arsenal merino
25%
122 84 ace milan pulisic
25%
94 85 bayer leverkusen schick
25%
116 84 totenham simons
25%
239 82 arsenal timber
25%
61 86 newcastle tonali
25%
95 85 juventus bremer
24%
99 84 al hilal cancelo
24%
166 83 man united cunha
24%
170 83 arsenal eze
24%
236 82 galatasaray sane
24%
175 83 BVB brandt
22%
192 83 atletico madryt gimenez
22%
156 83 newcastle gordon
22%
188 83 al nassr coman
20%
79 85 RB leipzk gulasci
20%
96 84 al hilal hernandez
20%
164 83 al nassr mane
20%
127 84 man city marmoush
20%
173 83 juventus openda
20%
137 84 atletico madryt sorloth
20%
189 83 arsenal trossard
20%
190 83 arsenal white
20%
139 84 inter mediolan de vrij
18%
146 83 napoli di lorenzo
18%
172 83 galatasaray gundogan
18%
246 82 real madryt huijsen
18%
217 82 liverpool kerkez
18%
114 84 liverpool mamardashvili
18%
140 84 RB leipzk orban
18%
102 84 everton pickford
18%
154 83 real sociedad remiro
18%
138 84 inter mediolan acerbi
16%
123 84 porto costa
16%
250 82 rosaria central di maria
16%
183 83 as roma dovbyk
16%
245 82 arsenal havertz
16%
211 82 bayern monachium laimer
16%
248 82 real sociedad oyarzabal
16%
155 83 atletico madryt hancko
15%
198 82 newcastle joelinton
15%
249 82 real sociedad kubo
15%
104 84 al hilal milinkovic savic
15%
109 84 marsylia pavard
15%
204 82 totenham porro
15%
206 82 aston villa rogers
15%
100 84 atletico bilbao sancet
15%
227 82 galatasaray sanchez
15%
218 82 totenham vicario
15%
179 83 man city ake
13%
185 83 celta vigo aspas
13%
112 84 atletico madryt baena
13%
221 82 nottingham gibbs white
13%
131 84 real betis isco
13%
125 84 totenham maddison
13%
225 82 napoli meret
13%
86 85 aston villa tielemans
13%
113 84 lazio zaccagni
13%
200 82 napoli anguissa
11%
152 83 sporting goncalves
11%
148 83 totenham kulusevski
11%
196 83 atletico madryt le normand
11%
161 83 napoli lobotka
11%
121 84 juventus locatelli
11%
136 84 al ahly mahrez
11%
144 83 inter mediolan mkhitaryan
11%
243 82 newcastle schar
11%
133 84 al itihat diaby
9%
174 83 totenham palhinha
9%
141 83 ace milan rabiot
9%
182 83 arsenal hincapie
7%
186 83 fiorentina kean
7%
203 82 besiktas kokcu
7%
193 83 as roma mancini
7%
195 83 nottingham milenkovic
7%
231 82 brighton mitoma
7%
177 83 nottingham murillo
7%
115 84 bayer leverkusen palacios
7%
160 83 villareal partey
7%
191 83 qadsiah retegui
7%
176 83 west ham bowen
5%
233 82 al itihat fabinho
5%
147 83 sporting hjulmand
5%
178 83 aston villa kamara
5%
237 82 aston villa konsa
5%
158 83 man city kovacic
5%
232 82 benfica pavlidis
5%
214 82 RB lepizk raum
5%
194 83 napoli rrahmani
5%
216 82 marsylia rulli
5%
181 83 sttutgart stiller
5%
240 82 sporting trincao
5%
165 83 hoffenheim baumann
4%
229 82 al hilal bounou
4%
242 82 frankfurt burkardt
4%
238 82 atalanta de ketelaere
4%
219 82 real betis lo celso
4%
234 82 bologna orsolini
4%
209 82 qadsiah otavio
4%
220 82 lazio provedel
4%
168 83 nottingham sels
4%
205 82 as monaco zakaria
4%
150 83 villareal ayoze
2%
223 82 atletico madryt barios
2%
129 84 real madryt miltao
2%
199 82 BVB nmecha
2%
230 82 hulham robinson
2%
207 82 as roma svilar
2%
208 82 bayer leverkusen tillman
2%
145 83 galatasaray torreira
2%
210 82 al hilal al dawsari
0%
213 82 atletico bilbao berenguer
0%
126 84 atalanta carsesecchi
0%
224 82 qadsiah casteels
0%
212 82 lazio guendouzi
0%
244 82 marsylia hojbjerd
0%
228 82 al hilal malcom
0%
222 82 sttutgart mittelstadt
0%
247 82 besiktas rafa
0%
235 82 totenham van de van
0%
134 84 atletico bilbao vivians
0%
Nie znaleziono quizów pasujących do podanych kryteriów
Rozkład punktacji
Procent ludzi z każdym wynikiem
Percentyl według liczby udzielonych odpowiedzi
Twoja historia wyników
Nie rozwiązałeś tego quizu